• 首页
  • 本馆介绍
  • 公告通知
  • 最新文献
  • 馆藏检索
  • 电子资源
  • 读者导购
  • 参考咨询
  • 我的图书馆
  • 登录
  • 详细信息显示
  • 放入我的书架
  • 预约/预借图书
  • 作者相关作品
  • 分类相关作品
  • 丛书相关作品
  • 出版社相关作品

书目信息

  • 表格格式
  • 工作单格式
  • 卡片格式
题名:
天底下最好玩的游戏
    
 
作者: 秦爱梅 著
分册:  
出版信息: 北京   作家出版社  2013
页数: 154页
开本: 20cm
丛书名:
单 册:
中图分类: G613.3
科图分类:
主题词: 故事课--学前教育--教学参考资料 , 故事课
电子资源:
ISBN: 978-7-5063-6518-5
000 00650nam0 2200229 450
001 2336194733
005 20231225100337.60
010    @a978-7-5063-6518-5@dCNY 19.00
100    @a20130518d2013 cemy0chiy0120 ea
101 0  @achi
102    @aCN@b110000
105    @aa z 000fy
200 1  @a天底下最好玩的游戏@Atian di xia zui hao wan de you xi@b专著@f秦爱梅著
210    @a北京@c作家出版社@d2013
215    @a154页@c图@d20cm
300    @a小宝贝上学去系列
606 0  @a故事课@x学前教育@j教学参考资料
606 0  @a故事课
690    @aG613.3@v5
701  0 @a秦爱梅@Aqin ai mei@4著
801  2 @aCN@b辽宁北配@c20231205
905    @aBZT@dG613.3@e11
    
    天底下最好玩的游戏/秦爱梅著.-北京:作家出版社,2013
    154页:图;20cm
    小宝贝上学去系列
    
    ISBN 978-7-5063-6518-5:CNY 19.00
    
●
相关链接 在五车中查询图书 在当当中查询图书 在豆瓣中查询图书


正题名:天底下最好玩的游戏     索取号:G613.3/11         预约/预借

序号 登录号 条形码 馆藏地/架位号 状态 备注
1 2001491503   2001491503   辽三/辽宁北配(第三批)/3802/ [索取号:G613.3/11] 在馆    
2 2001491504   2001491504   辽三/辽宁北配(第三批)/3802/ [索取号:G613.3/11] 在馆    
3 2001491505   2001491505   辽三/辽宁北配(第三批)/3802/ [索取号:G613.3/11] 在馆    
4 2001491506   2001491506   辽三/辽宁北配(第三批)/3802/ [索取号:G613.3/11] 在馆    
5 2001491507   2001491507   辽三/辽宁北配(第三批)/3802/ [索取号:G613.3/11] 在馆    
6 2001491508   2001491508   辽三/辽宁北配(第三批)/3802/ [索取号:G613.3/11] 在馆    
7 2001491509   2001491509   辽三/辽宁北配(第三批)/3802/ [索取号:G613.3/11] 在馆    
8 2001491510   2001491510   辽三/辽宁北配(第三批)/3802/ [索取号:G613.3/11] 在馆    
9 2001491511   2001491511   辽三/辽宁北配(第三批)/3802/ [索取号:G613.3/11] 在馆    
10 2001491512   2001491512   辽三/辽宁北配(第三批)/3802/ [索取号:G613.3/11] 在馆    
11 2001491513   2001491513   辽三/辽宁北配(第三批)/3802/ [索取号:G613.3/11] 在馆    
12 2001491514   2001491514   辽三/辽宁北配(第三批)/3802/ [索取号:G613.3/11] 在馆    
13 2001491515   2001491515   辽三/辽宁北配(第三批)/3802/ [索取号:G613.3/11] 在馆    
14 2001491516   2001491516   辽三/辽宁北配(第三批)/3802/ [索取号:G613.3/11] 在馆    
15 2001491517   2001491517   辽三/辽宁北配(第三批)/3802/ [索取号:G613.3/11] 在馆    
16 2001491518   2001491518   辽三/辽宁北配(第三批)/3802/ [索取号:G613.3/11] 在馆    
17 2001491519   2001491519   辽三/辽宁北配(第三批)/3802/ [索取号:G613.3/11] 在馆    
18 2001491520   2001491520   辽三/辽宁北配(第三批)/3802/ [索取号:G613.3/11] 在馆    
19 2001491521   2001491521   辽三/辽宁北配(第三批)/3802/ [索取号:G613.3/11] 在馆    
20 2001491522   2001491522   辽三/辽宁北配(第三批)/3802/ [索取号:G613.3/11] 在馆    
21 2001491523   2001491523   辽三/辽宁北配(第三批)/3802/ [索取号:G613.3/11] 在馆    
22 2001491524   2001491524   辽三/辽宁北配(第三批)/3802/ [索取号:G613.3/11] 在馆    
23 2001491525   2001491525   辽三/辽宁北配(第三批)/3802/ [索取号:G613.3/11] 在馆    
24 2001491526   2001491526   辽三/辽宁北配(第三批)/3802/ [索取号:G613.3/11] 在馆    
25 2001491527   2001491527   辽三/辽宁北配(第三批)/3802/ [索取号:G613.3/11] 在馆    
26 2001491528   2001491528   辽三/辽宁北配(第三批)/3802/ [索取号:G613.3/11] 在馆    
27 2001491529   2001491529   辽三/辽宁北配(第三批)/3802/ [索取号:G613.3/11] 在馆    
28 2001491530   2001491530   辽三/辽宁北配(第三批)/3802/ [索取号:G613.3/11] 在馆    
29 2001491531   2001491531   辽三/辽宁北配(第三批)/3802/ [索取号:G613.3/11] 在馆    
30 2001491532   2001491532   辽三/辽宁北配(第三批)/3802/ [索取号:G613.3/11] 在馆    
山东省滨州职业学院图书馆 欢迎您!
大连网信软件有限公司© 版权所有